000 00447nam a2200157 i 4500
001 52749
003 ES-MaACL
007 t|
008 030903s1911 gw ||||1| spa d
100 1 _aDecoud, Héctor F.
_943179
245 1 0 _aGeografía de la República del Paraguay /
_cpor Héctor F. Decoud.
250 _a6ª ed.
260 _aLeipzig :
_bF.A. Brockhaus,
_c1911.
300 _a131 p., 1 map. :
_bil. ;
_c21 cm.
852 _aES-MaACL
_jG-1019
999 _c52749
_d52749